<?xml version="1.0" encoding="UTF-8"?>
<record
    xmlns:xsi="http://www.w3.org/2001/XMLSchema-instance"
    xsi:schemaLocation="http://www.loc.gov/MARC21/slim http://www.loc.gov/standards/marcxml/schema/MARC21slim.xsd"
    xmlns="http://www.loc.gov/MARC21/slim">

  <leader>02498nas a2200361   4500</leader>
  <controlfield tag="001">48990</controlfield>
  <controlfield tag="003">DR-UNIBE</controlfield>
  <controlfield tag="005">20250521154141.0</controlfield>
  <controlfield tag="007">ta</controlfield>
  <controlfield tag="008">210525e2018    dr qn|p|r||||||0| | spa d</controlfield>
  <datafield tag="022" ind1=" " ind2=" ">
    <subfield code="a">Relacionado al t&#xED;tulo AAA 1028-3072</subfield>
  </datafield>
  <datafield tag="040" ind1=" " ind2=" ">
    <subfield code="a">BIBLIOTECA UNIBE</subfield>
    <subfield code="c">BIBBLIOTECA UNIBE</subfield>
    <subfield code="b">spa</subfield>
    <subfield code="d">DO-SdBNP</subfield>
    <subfield code="e">rda</subfield>
  </datafield>
  <datafield tag="041" ind1=" " ind2=" ">
    <subfield code="a">spa</subfield>
  </datafield>
  <datafield tag="245" ind1="0" ind2="0">
    <subfield code="a">AAA Pro_File 08.</subfield>
  </datafield>
  <datafield tag="264" ind1=" " ind2=" ">
    <subfield code="a">Santo Domingo, Rep&#xFA;blica Dominicana :</subfield>
    <subfield code="b">Archivos de Arquitectura Antillana,</subfield>
    <subfield code="c">2018.</subfield>
  </datafield>
  <datafield tag="300" ind1=" " ind2=" ">
    <subfield code="a">vol&#xFA;menes :</subfield>
    <subfield code="b">ilustraciones, fotograf&#xED;as, planos ;</subfield>
    <subfield code="c">29 cm.</subfield>
  </datafield>
  <datafield tag="310" ind1=" " ind2=" ">
    <subfield code="a">Trimestral.</subfield>
  </datafield>
  <datafield tag="336" ind1=" " ind2=" ">
    <subfield code="a">texto</subfield>
    <subfield code="b">txt</subfield>
    <subfield code="2">rdacontent</subfield>
  </datafield>
  <datafield tag="337" ind1=" " ind2=" ">
    <subfield code="a">sin mediaci&#xF3;n </subfield>
    <subfield code="b">n</subfield>
    <subfield code="2">rdamedia</subfield>
  </datafield>
  <datafield tag="338" ind1=" " ind2=" ">
    <subfield code="a">volumen </subfield>
    <subfield code="b">nc</subfield>
    <subfield code="2">rdacarrier</subfield>
  </datafield>
  <datafield tag="362" ind1=" " ind2=" ">
    <subfield code="a">N&#xFA;mero 8 (mayo 2018).</subfield>
  </datafield>
  <datafield tag="490" ind1=" " ind2=" ">
    <subfield code="a">Serie monogr&#xE1;fica.</subfield>
  </datafield>
  <datafield tag="500" ind1=" " ind2=" ">
    <subfield code="a">AAA Pro_File es una edici&#xF3;n especial de AAA.
La biblioteca dispone tambi&#xE9;n del t&#xED;tulo: Archivos de arquitectura antillana (AAA), editado desde el a&#xF1;o 1996. [N&#xFA;mero de registro14602].</subfield>
  </datafield>
  <datafield tag="500" ind1=" " ind2=" ">
    <subfield code="a">AAA Pro_File 08: Pedro J. Borrell Bentz, arquitectos (a&#xF1;o de publicaci&#xF3;n: 2018).</subfield>
  </datafield>
  <datafield tag="500" ind1=" " ind2=" ">
    <subfield code="a">AAA: agradece de manera especial la enorme colaboraci&#xF3;n de todo el equipo de Arquitectura del Sol en el desarrollo y documentaci&#xF3;n de este Pro_File 08.  </subfield>
  </datafield>
  <datafield tag="500" ind1=" " ind2=" ">
    <subfield code="a">Edici&#xF3;n especial.</subfield>
  </datafield>
  <datafield tag="520" ind1=" " ind2=" ">
    <subfield code="a">Durante el transcurso de esta edici&#xF3;n de Pro_File hemos profundizado detalladamente en la obra de Pedro Jos&#xE9; Borrell y en la historia detr&#xE1;s de cada obra. Esta historia, resumida apretadamente en apenas 300 y tantas p&#xE1;ginas, es una mirada en la b&#xFA;squeda de un hombre nacido en Puerto Plata, pero criado en Santiago, educado en contacto estrecho con el arte y practicante de varias disciplinas creativas: el dibujo, la pintura, la fotograf&#xED;a y &#x2014;como actividad totalizadora de todo ese aprendizaje&#x2014; finalmente, la arquitectura. Es en la arquitectura que Borrell ha alcanzado una dimensi&#xF3;n trascendente caracterizada por una serie de importantes obras que por derecho propio tienen su lugar en el corpus construido de la Rep&#xFA;blica Dominicana en los siglos XX y XXI. En ese universo se ha centrado el discurso de este volumen.</subfield>
  </datafield>
  <datafield tag="650" ind1=" " ind2="7">
    <subfield code="a">Arquitectura</subfield>
    <subfield code="9">2734</subfield>
    <subfield code="v">Publicaciones peri&#xF3;dicas </subfield>
    <subfield code="z">Rep&#xFA;blica Dominicana</subfield>
  </datafield>
  <datafield tag="650" ind1=" " ind2="7">
    <subfield code="a">Arquitectura</subfield>
    <subfield code="x">Dise&#xF1;os y planos</subfield>
    <subfield code="9">43122</subfield>
    <subfield code="2">lemb</subfield>
    <subfield code="v">Publicaciones peri&#xF3;dicas </subfield>
    <subfield code="z">Rep&#xFA;blica Dominicana</subfield>
  </datafield>
  <datafield tag="650" ind1=" " ind2="7">
    <subfield code="a">Urbanismo</subfield>
    <subfield code="9">26474</subfield>
    <subfield code="2">lemb</subfield>
    <subfield code="v">Publicaciones peri&#xF3;dicas </subfield>
    <subfield code="z">Rep&#xFA;blica Dominicana</subfield>
  </datafield>
  <datafield tag="655" ind1=" " ind2="0">
    <subfield code="a">Publicaciones peri&#xF3;dicas</subfield>
    <subfield code="9">87420</subfield>
  </datafield>
  <datafield tag="942" ind1=" " ind2=" ">
    <subfield code="2">ddc</subfield>
    <subfield code="c">ISSUE</subfield>
  </datafield>
  <datafield tag="952" ind1=" " ind2=" ">
    <subfield code="0">0</subfield>
    <subfield code="1">0</subfield>
    <subfield code="2">ddc</subfield>
    <subfield code="4">0</subfield>
    <subfield code="5">6</subfield>
    <subfield code="7">0</subfield>
    <subfield code="8">SE</subfield>
    <subfield code="a">BNPHU</subfield>
    <subfield code="b">BNPHU</subfield>
    <subfield code="d">2025-05-21</subfield>
    <subfield code="h">N&#xFA;mero 8 (mayo 2018)</subfield>
    <subfield code="l">0</subfield>
    <subfield code="p">2025-4509</subfield>
    <subfield code="r">2025-05-21</subfield>
    <subfield code="t">e.1</subfield>
    <subfield code="w">2025-05-21</subfield>
    <subfield code="y">ISSUE</subfield>
  </datafield>
  <datafield tag="999" ind1=" " ind2=" ">
    <subfield code="c">59078</subfield>
    <subfield code="d">59078</subfield>
  </datafield>
</record>
